(The)Rolling of metals :theory and experiment (Record no. 2311)

000 -LEADER
fixed length control field 00384nam a22001457a 4500
008 - FIXED-LENGTH DATA ELEMENTS--GENERAL INFORMATION
fixed length control field 200220b ||||| |||| 00| 0 eng d
082 00 - DEWEY DECIMAL CLASSIFICATION NUMBER
Classification number 671
Item number U561
100 ## - MAIN ENTRY--PERSONAL NAME
9 (RLIN) 1890
Personal name Underwood, L. R.
245 10 - TITLE STATEMENT
Title (The)Rolling of metals :theory and experiment
260 ## - PUBLICATION, DISTRIBUTION, ETC. (IMPRINT)
Place of publication, distribution, etc London
Name of publisher, distributor, etc Chapman&Hall
Date of publication, distribution, etc 1952
300 ## - PHYSICAL DESCRIPTION
Extent xv,344p.
365 ## - TRADE PRICE
Unit of pricing 34.02
650 #0 - SUBJECT ADDED ENTRY--TOPICAL TERM
Topical term or geographic name as entry element Rolling
942 ## - ADDED ENTRY ELEMENTS (KOHA)
Item type Books
Holdings
Withdrawn status Lost status Source of classification or shelving scheme Damaged status Not for loan Permanent location Current location Date acquired Source of acquisition Full call number Barcode Date last seen Koha item type
          IMU Kolkata IMU Kolkata 1954-01-29 Asian publishing house 671 U561 01892 2020-02-20 Books
Designed and Maintained by IMU-KC Library, Kolkata Campus © Copyright All Rights Reserved

webs counters

Powered by Koha